01239nam a2200301 a 4500001001000000003000900010005001700019008003600036020001800072040003000090082002800120100002600148245013800174260009400312300003500406490005900441500005400500500004400554500002100598650003400619650003400653650003400687700003700721700003100758700004300789700003400832710007100866000048733DO-SdBPM20250514113123.0190412s2016 dr ac 000 p spa d a9789945484175 aDO-SdBPMbspacBPMSUerda 4aRD863.5bB862c 20162221 aBrito, Oriannyd1999-10aCuentos de memoria /cOrianny Brito ; ilustraciones Domingo Guzmán ; instructores Ramón Mesa, Ysabel Florentino, Jesús Cordero. aSan Cristobal, República Dominicana :bFundación Literaria Aníbal Montaño,c2016. a50 p. :bil., retrs. ;c22 cm.0 aNueva Literatura Infantil Dominicana;aMarca Provincia aPromoción 101 niños poetas de San Cristóbal aTalleres literarios Mi barrio en Letras a10mo. Aniversaro 4aCuentos juveniles dominicanos 4aLiteratura juvenil dominicana 4aSueños vCuentos juveniles 1 aGuzmán, Domingoeilustraciones1 aMesa, Ramóneinstructor 1 aFlorentino, Ysabel,d1981-einstructor1 aCordero, Jesúseinstructor 1 aRepública Dominicana bFundación Literaria Aníbal Montaño